All Italian Teams to play in the Champions League - Statistics

General Stats
  • This quiz has been taken 911 times
  • The average score is 12 of 15
Answer Stats
Best Finish Club % Correct
Winners AC Milan
99%
Winners Internazionale
99%
Winners Juventus
99%
Runner-Up AS Roma
97%
Quarter-Finals Lazio
93%
Round of 16 Napoli
93%
Runner-Up Fiorentina
83%
Group Stage Parma
74%
Runner-Up Sampdoria
74%
Second Round Torino
74%
Group Stage Udinese
69%
Preliminary Round Bologna
60%
Second Round Hellas Verona
57%
Second Round Cagliari
54%
Third Qualifying Round Chievo Verona
38%
No matching quizzes found
Score Distribution
Percent of People with Each Score
Percentile by Number Answered
Your Score History
You have not taken this quiz